000 003280000a22001450004500
001 005643
003 MACL
040 _aMACL
090 _c17636
_d17635
245 _aAl-Bayan fi uloom ul Quran
_bHaq Molvi Abu Mohd Abdul
260 _aMatba Maarif Azam Garh
350 _a5.25
650 _aUrdu Literature
942 _k891
_cBook
999 _c17525
_d17525